01061 a2200157 4500003000500000005001700005040000900022082001900031100003400050245006600084260002700150300002900177505061500206600004900821650003300870Nust20221223192142.0 cNust a621.384135,SCH aSchelkunoff, Sergei Alexander aAntennas theory and practice /cSergei Alexander Schelkunoff, aWiley,bNew Yorkc1952 axxii, 639 pbillusc24cm aPhysical Principles of Radiation (Page-1), Maxwell’s Equations (Page-61), Planes Waves (Page-81), Spherical Waves (Page-97), Directive Radiation (Page-139), Directivity and Effective Area (Page-179), Waves Over Ground (Page-201), Antenna Current (Page-213), Impedance, Reciprocity, Equivalence (Page-271), Small Antennas (Page-302), Self-Resonant Antennas (Page-332), General Theory of Linear Antenna (Page-361), Impedance of Dipole Antennas (Page-403), Rhombic Antennas (Page-457), Linear Antenna Systems (Page-474), Horns (Page-515), Slot Antennas (Page-537), Reflectors (Page-560), Lenses (Page-573).  aSchelkunoff, S. A. (Sergei Alexander), 1897- aAntennas theory and practice